[Event "Hillerod CC-ch Mester"]
[Site "Hillerod"]
[Date "2020.02.18"]
[Round "4"]
[White "Sorensen, Kim Wammen"]
[Black "Andersen, Ib Hother"]
[Result "1/2-1/2"]
[WhiteElo "1988"]
[BlackElo "2136"]
[PlyCount "35"]
[EventDate "2019.12.10"]
[EventType "tourn"]
[EventRounds "7"]
[EventCountry "DEN"]
[SourceTitle "EXT 2021"]
[Source "ChessBase"]
[SourceDate "2020.10.23"]
[SourceVersion "1"]
[SourceVersionDate "2020.10.23"]
[SourceQuality "1"]

1. Nf3 Nf6 2. b3 d6 3. d4 g6 4. Bb2 Bg7 5. e3 0-0 6. h3 e5 7. dxe5 Nfd7 8. Nbd2 Nc6 9. Bb5 Ncxe5 10. Qc1 c6 11. Be2 Nxf3+ 12. Nxf3 Qa5+ 13. c3 Ne5 14. 0-0 Nxf3+ 15. Bxf3 d5 16. c4 Bxb2 17. Qxb2 dxc4 18. bxc4 1/2-1/2

[Event "Hillerod-chA"]
[Site "Hillerod"]
[Date "2019.06.11"]
[Round "7"]
[White "Ramkilde, Mikael"]
[Black "Andersen, Ib Hother"]
[Result "0-1"]
[WhiteElo "1949"]
[BlackElo "2157"]
[PlyCount "52"]
[EventDate "2019.04.23"]
[EventType "tourn"]
[EventRounds "7"]
[EventCountry "DEN"]
[SourceTitle "EXT 2020"]
[Source "ChessBase"]
[SourceDate "2019.10.17"]
[SourceVersion "1"]
[SourceVersionDate "2019.10.17"]
[SourceQuality "1"]

1. e4 e5 2. Bc4 Nf6 3. d3 Nc6 4. Nc3 Na5 5. Nf3 Nxc4 6. dxc4 Bb4 7. 0-0 Bxc3 8. bxc3 d6 9. Qd3 Nd7 10. Be3 0-0 11. Rad1 Qe7 12. Bg5 f6 13. Bc1 Nc5 14. Qe2 Be6 15. Nd2 Qd7 16. Ba3 Na4 17. Qe3 Qc6 18. Rb1 b6 19. Qd3 f5 20. f3 Nc5 21. Bxc5 Qxc5+ 22. Kh1 Rf7 23. Rb4 Raf8 24. exf5 Bxf5 25. Ne4 Qc6 26. Qd5 Bxe4 0-1

[Event "Hillerod CC-chA"]
[Site "Hillerod"]
[Date "2018.04.03"]
[Round "7"]
[White "Ramkilde, Mikael"]
[Black "Andersen, Ib Hother"]
[Result "1-0"]
[WhiteElo "1901"]
[BlackElo "2177"]
[PlyCount "107"]
[EventDate "2018.01.02"]
[EventType "tourn"]
[EventRounds "7"]
[EventCountry "DEN"]
[SourceTitle "EXT 2020"]
[Source "ChessBase"]
[SourceDate "2019.10.17"]
[SourceVersion "1"]
[SourceVersionDate "2019.10.17"]
[SourceQuality "1"]

1. e4 d5 2. exd5 Qxd5 3. Nc3 Qd6 4. d4 Nf6 5. Nf3 a6 6. g3 Bg4 7. Bg2 Nc6 8. Bf4 Qb4 9. 0-0 0-0-0 10. a3 Qxb2 11. Na4 Bxf3 12. Qxf3 Qxd4 13. Rab1 Qxa4 14. Rb4 Qxb4 15. axb4 e5 16. Be3 Bxb4 17. Rb1 Nd5 18. Qg4+ Kb8 19. Bxd5 Rxd5 20. Rxb4 Nxb4 21. Qxb4 Re8 22. c4 Rd1+ 23. Kg2 Rd6 24. Qc5 b6 25. Qa3 Kb7 26. c5 Rc6 27. Qb3 Re7 28. cxb6 cxb6 29. Qd5 Kc7 30. Qe4 g6 31. Qh4 f6 32. Qh6 Rd7 33. Qf8 Kb7 34. Bh6 a5 35. h4 b5 36. Qh8 b4 37. h5 gxh5 38. Bg7 Rcc7 39. Bh6 Rf7 40. Qe8 Rcd7 41. Qe6 Rc7 42. Be3 Rf8 43. Qb6+ Kc8 44. Qxa5 Rff7 45. Qxb4 Kd7 46. Qh4 Ke6 47. Qxh5 f5 48. Qe2 Kf6 49. Qa6+ Ke7 50. Bg5+ Kd7 51. Qb5+ Ke6 52. Bd8 Rcd7 53. Qc6+ Rd6 54. Qe8+ 1-0

[Event "DEN-chT 1617 55th"]
[Site "Denmark"]
[Date "2017.01.08"]
[Round "5.5"]
[White "Ramsdal, Jens Albert"]
[Black "Andersen, Ib Hother"]
[Result "0-1"]
[WhiteElo "2201"]
[BlackElo "2152"]
[PlyCount "80"]
[EventDate "2016.10.29"]
[EventType "team-tourn"]
[EventRounds "9"]
[EventCountry "DEN"]
[SourceTitle "EXT 2018"]
[Source "ChessBase"]
[SourceDate "2017.10.13"]
[SourceVersion "1"]
[SourceVersionDate "2017.10.13"]
[SourceQuality "1"]
[WhiteTeam "Copenhagen 68"]
[BlackTeam "Hillerod"]
[WhiteTeamCountry "DEN"]
[BlackTeamCountry "DEN"]

1. e4 e5 2. Nf3 Nc6 3. Bc4 Nf6 4. Ng5 d5 5. exd5 Na5 6. Bb5+ Bd7 7. Qe2 Be7 8. Bxd7+ Qxd7 9. c4 0-0 10. d4 exd4 11. Bd2 Nxd5 12. Nxh7 Kxh7 13. Qh5+ Kg8 14. cxd5 Qb5 15. Qe2 Qxd5 16. 0-0 Bf6 17. Qd3 Rad8 18. Bf4 c5 19. Bc7 c4 20. Qa3 Nc6 21. Bxd8 Rxd8 22. Nd2 c3 23. bxc3 dxc3 24. Nf3 b5 25. Rab1 b4 26. Qa4 Qc5 27. Qc2 a5 28. Rbd1 Nd4 29. Nxd4 Rxd4 30. Rxd4 Bxd4 31. Re1 g6 32. Re2 Qb5 33. Re4 Bf6 34. h3 a4 35. Qd1 b3 36. axb3 axb3 37. Re2 Kg7 38. Re1 Qc4 39. Qc1 c2 40. Qa3 b2 0-1

[Event "Hillerod CC-chA"]
[Site "Hillerod"]
[Date "2017.01.03"]
[Round "3"]
[White "Pedersen, Carsten1111"]
[Black "Andersen, Ib Hother"]
[Result "0-1"]
[WhiteElo "1947"]
[BlackElo "2137"]
[PlyCount "96"]
[EventDate "2016.11.29"]
[EventType "tourn"]
[EventRounds "9"]
[EventCountry "DEN"]
[SourceTitle "EXT 2018"]
[Source "ChessBase"]
[SourceDate "2017.10.13"]
[SourceVersion "1"]
[SourceVersionDate "2017.10.13"]
[SourceQuality "1"]

1. d4 Nf6 2. c4 e6 3. Nc3 Bb4 4. Bd2 0-0 5. Nf3 b6 6. g3 Ba6 7. Qb3 Be7 8. Bg2 d5 9. Ne5 c6 10. e3 Bd6 11. cxd5 cxd5 12. Nf3 Qd7 13. Bf1 Bxf1 14. Kxf1 Nc6 15. Rc1 Na5 16. Qb5 Qb7 17. Na4 Nc4 18. Ke2 a6 19. Qb3 b5 20. Nc3 b4 21. a3 Na5 22. Qa4 bxc3 23. Bxc3 Nb3 24. Rc2 Rfc8 25. Ne1 Qb5+ 26. Qxb5 axb5 27. Bb4 Ne8 28. Rc3 Rxc3 29. Bxc3 Na5 30. Nd3 Nc4 31. f3 Rc8 32. Rc1 Rc7 33. e4 dxe4 34. fxe4 Be7 35. Rf1 Nxa3 36. Ba5 Ra7 37. Bb6 Rb7 38. Bc5 Nc4 39. b4 Ned6 40. Ra1 f6 41. Ra6 Kf7 42. e5 fxe5 43. dxe5 Ne8 44. Ra7 Rxa7 45. Bxa7 Nc7 46. Bc5 Nd5 47. Kf3 Bxc5 48. bxc5 b4 0-1

[Event "DEN-chT 1617 55th"]
[Site "Denmark"]
[Date "2016.11.20"]
[Round "3.1"]
[White "Andersen, Ib Hother"]
[Black "Furrer, Christian"]
[Result "0-1"]
[WhiteElo "2152"]
[BlackElo "2221"]
[PlyCount "62"]
[EventDate "2016.10.29"]
[EventType "team-tourn"]
[EventRounds "9"]
[EventCountry "DEN"]
[SourceTitle "CBM 175 Extra"]
[Source "ChessBase"]
[SourceDate "2016.12.12"]
[SourceVersion "1"]
[SourceVersionDate "2016.12.12"]
[SourceQuality "1"]
[WhiteTeam "Hillerod"]
[BlackTeam "Bronshoj"]
[WhiteTeamCountry "DEN"]
[BlackTeamCountry "DEN"]

1. d4 Nf6 2. Nf3 g6 3. Bf4 Bg7 4. Nc3 d6 5. e4 0-0 6. Qd2 c5 7. d5 a6 8. a4 Qa5 9. Ra3 Qb4 10. Qd3 Nxe4 11. Rb3 Nxf2 12. Qe3 Ng4 13. Qd2 Qa5 14. Be2 Nd7 15. 0-0 c4 16. Ra3 Qb6+ 17. Kh1 Qxb2 18. Nb1 c3 19. Rxc3 Nc5 20. Rc4 Bf5 21. Nh4 Bd7 22. Rb4 Qa1 23. Bxg4 Bxg4 24. Bg5 f6 25. Be3 f5 26. h3 Ne4 27. Qe1 Be2 28. Rg1 Qe5 29. g3 Qxd5 30. Kh2 Bh5 31. g4 Be5+ 0-1

[Event "Hillerod Spar Nord op"]
[Site "Hillerod"]
[Date "2016.10.13"]
[Round "5"]
[White "Andersen, Ib Hother"]
[Black "Oland, Arne"]
[Result "1/2-1/2"]
[WhiteElo "2152"]
[BlackElo "1888"]
[PlyCount "70"]
[EventDate "2016.09.13"]
[EventType "swiss"]
[EventRounds "7"]
[EventCountry "DEN"]
[SourceTitle "EXT 2024"]
[Source "ChessBase"]
[SourceDate "2023.10.10"]
[SourceVersion "1"]
[SourceVersionDate "2023.10.10"]
[SourceQuality "1"]

1. Nf3 Nf6 2. d4 d5 3. c4 c6 4. Nc3 g6 5. Bf4 Bg7 6. e3 0-0 7. Bd3 dxc4 8. Bxc4 Nbd7 9. 0-0 Nb6 10. Bb3 Bf5 11. h3 Nbd5 12. Bh2 Nxc3 13. bxc3 c5 14. Rc1 Rc8 15. Qe2 Ne4 16. g4 Bd7 17. Ne5 cxd4 18. cxd4 a6 19. Rxc8 Qxc8 20. Nxd7 Qxd7 21. Rc1 Rc8 22. Rxc8+ Qxc8 23. Qc4 Qxc4 24. Bxc4 e6 25. Bd3 Nc3 26. Bc7 b5 27. Ba5 Nd5 28. Be4 Bf8 29. Kf1 Bd6 30. Ke2 f5 31. gxf5 gxf5 32. Bxd5 exd5 33. f3 Kf7 34. Kd3 Ke6 35. e4 Bg3 1/2-1/2

[Event "Hillerod CC-ch A"]
[Site "Hillerod"]
[Date "2016.02.24"]
[Round "5"]
[White "Andersen, Ib Hother"]
[Black "Pedersen, Christopher RNH"]
[Result "0-1"]
[WhiteElo "2128"]
[BlackElo "2078"]
[PlyCount "40"]
[EventDate "2016.01.05"]
[EventType "tourn"]
[EventRounds "9"]
[EventCountry "DEN"]
[SourceTitle "EXT 2024"]
[Source "ChessBase"]
[SourceDate "2023.10.10"]
[SourceVersion "1"]
[SourceVersionDate "2023.10.10"]
[SourceQuality "1"]

1. e4 c5 2. Nf3 d6 3. Bb5+ Nd7 4. d4 Ngf6 5. Nc3 cxd4 6. Qxd4 e5 7. Qd3 Be7 8. Be3 a6 9. Bc4 Qc7 10. Bxf7+ Kxf7 11. Ng5+ Kg6 12. f4 exf4 13. e5+ Kxg5 14. Bxf4+ Kxf4 15. 0-0+ Kg5 16. Ne4+ Nxe4 17. Qe3+ Kg6 18. Qxe4+ Kh6 19. Qe3+ g5 20. Qh3+ Kg7 0-1

[Event "DEN-chT 1516 54th"]
[Site "Denmark"]
[Date "2016.01.09"]
[Round "4.8"]
[White "Lorenzen, Jan Hendrik"]
[Black "Andersen, Ib Hother"]
[Result "1/2-1/2"]
[WhiteElo "2003"]
[BlackElo "2142"]
[PlyCount "45"]
[EventDate "2015.10.31"]
[EventType "team-tourn"]
[EventRounds "9"]
[EventCountry "DEN"]
[SourceTitle "CBM 170 Extra"]
[Source "ChessBase"]
[SourceDate "2016.02.25"]
[SourceVersion "1"]
[SourceVersionDate "2016.02.25"]
[SourceQuality "1"]
[WhiteTeam "Bov"]
[BlackTeam "Hillerod"]
[WhiteTeamCountry "DEN"]
[BlackTeamCountry "DEN"]

1. d4 Nf6 2. Nf3 e6 3. g3 c5 4. c3 b6 5. Bg2 Bb7 6. 0-0 d6 7. b4 Nbd7 8. Nbd2 Qc7 9. bxc5 bxc5 10. a4 Be7 11. Re1 0-0 12. e4 e5 13. d5 Ba6 14. c4 Rab8 15. Qc2 g6 16. Nf1 Rb4 17. Ne3 Rfb8 18. Ba3 R4b7 19. Nd2 Nh5 20. Bf3 Ndf6 21. Nb1 Qa5 22. Nc3 Qd8 23. Reb1 1/2-1/2

[Event "DEN-chT 1516 54th"]
[Site "Denmark"]
[Date "2015.10.31"]
[Round "1"]
[White "Andersen, Ib Hother"]
[Black "Christensen, Jan"]
[Result "0-1"]
[WhiteElo "2142"]
[BlackElo "2190"]
[PlyCount "92"]
[EventDate "2015.10.31"]
[EventType "team-tourn"]
[EventRounds "9"]
[EventCountry "DEN"]
[SourceTitle "CBM 169 Extra"]
[Source "ChessBase"]
[SourceDate "2015.12.18"]
[SourceVersion "1"]
[SourceVersionDate "2015.12.18"]
[SourceQuality "1"]
[WhiteTeam "Hillerod"]
[BlackTeam "Nordre"]
[WhiteTeamCountry "DEN"]
[BlackTeamCountry "DEN"]

1. e4 e5 2. Nf3 Nc6 3. Bb5 f5 4. d3 fxe4 5. dxe4 Nf6 6. 0-0 Bc5 7. Qd3 d6 8. Qc4 Qe7 9. Nc3 Bd7 10. Nd5 Nxd5 11. exd5 Nd4 12. Nxd4 Bxd4 13. a4 a6 14. Bxd7+ Qxd7 15. Be3 Bxe3 16. fxe3 0-0-0 17. Rf2 Rdf8 18. Raf1 Qe7 19. Qg4+ Kb8 20. Qe6 Qd8 21. Rf7 Rxf7 22. Qxf7 Qg5 23. Rf3 Qh4 24. Qxg7 Rc8 25. h3 Qxa4 26. Qxh7 Qa1+ 27. Kh2 Qxb2 28. Qd3 Rg8 29. Rf1 Qb4 30. e4 a5 31. g4 a4 32. c4 a3 33. Qc2 b6 34. Kg3 Kb7 35. c5 Qxc5 36. Qxc5 dxc5 37. Ra1 Ra8 38. g5 b5 39. h4 b4 40. g6 b3 41. Kg4 a2 42. Kf5 b2 43. Rxa2 Rxa2 44. g7 Ra8 45. h5 b1Q 46. h6 Qh1 0-1

[Event "Hillerod op"]
[Site "Hillerod"]
[Date "2015.10.20"]
[Round "3"]
[White "Andersen, Ib Hother"]
[Black "Pedersen, Carsten"]
[Result "1-0"]
[WhiteElo "2142"]
[BlackElo "2038"]
[PlyCount "57"]
[EventDate "2015.09.08"]
[EventType "swiss"]
[EventRounds "7"]
[EventCountry "DEN"]
[SourceTitle "EXT 2024"]
[Source "ChessBase"]
[SourceDate "2023.10.10"]
[SourceVersion "1"]
[SourceVersionDate "2023.10.10"]
[SourceQuality "1"]

1. d4 d5 2. Nf3 Nf6 3. c4 e6 4. Nc3 c6 5. e3 Nbd7 6. Qc2 Bd6 7. Bd3 dxc4 8. Bxc4 b5 9. Bd3 Bb7 10. 0-0 a6 11. Bd2 Qe7 12. e4 e5 13. h3 Rd8 14. Rad1 Bb8 15. Be3 h6 16. Nxe5 Nxe5 17. dxe5 Qxe5 18. f4 Qe6 19. e5 Nd5 20. Nxd5 cxd5 21. Bd4 Rc8 22. Qf2 Rc7 23. f5 Qc8 24. Rfe1 0-0 25. f6 gxf6 26. Qg3+ Kh8 27. Qh4 f5 28. Qxh6+ Kg8 29. Qg5+ 1-0

[Event "Hillerod Byturnering A"]
[Site "Hillerod"]
[Date "2015.??.??"]
[Round "1"]
[White "Tandrup, Michael"]
[Black "Andersen, Ib Hother"]
[Result "1/2-1/2"]
[WhiteElo "1963"]
[BlackElo "2114"]
[PlyCount "88"]
[EventDate "2015.04.28"]
[EventType "tourn"]
[EventRounds "7"]
[EventCountry "DEN"]
[SourceTitle "EXT 2024"]
[Source "ChessBase"]
[SourceDate "2023.10.10"]
[SourceVersion "1"]
[SourceVersionDate "2023.10.10"]
[SourceQuality "1"]

1. c4 c5 2. Nf3 Nc6 3. g3 g6 4. Bg2 Bg7 5. Nc3 d6 6. 0-0 Bf5 7. d3 Qd7 8. Nd5 Nf6 9. e4 Bg4 10. Qa4 0-0 11. Bg5 Rfe8 12. Nxf6+ exf6 13. Bd2 f5 14. Qc2 Bxf3 15. Bxf3 Nd4 16. Qd1 Nxf3+ 17. Qxf3 Bxb2 18. Rab1 fxe4 19. dxe4 Be5 20. Qd3 Qc6 21. Be3 Bg7 22. Rbd1 Rxe4 23. Qxd6 Qxd6 24. Rxd6 Rxc4 25. Rfd1 Bd4 26. Bxd4 Rxd4 27. R1xd4 cxd4 28. Rxd4 Rc8 29. Rd7 Rc2 30. Rxb7 Rxa2 31. Kg2 a5 32. g4 h6 33. h4 a4 34. Ra7 a3 35. Ra5 Kg7 36. g5 h5 37. Ra8 Ra1 38. Ra7 a2 39. Ra8 f5 40. gxf6+ Kxf6 41. Ra6+ Kf5 42. Ra5+ Ke4 43. Ra4+ Kd3 44. Ra8 Ke4 1/2-1/2